Педагогическая психология хрестоматия для студентов педагогических направлений подготовки
В хрестоматии представлены тексты работ классиков отечественной и зарубежной психологии, которые окажут помощь студентам в освоении изучаемого ими курса и выработки собственной точки зрения. Предлагаемое учебное издание предназначено для самостоятельной работы студентов педагогических направлений по...
Salvato in:
| Natura: | Книга |
|---|---|
| Lingua: | Russian |
| Pubblicazione: |
Тула
ТГПУ
2019
|
| Soggetti: | |
| Accesso online: | https://e.lanbook.com/book/138721 https://e.lanbook.com/img/cover/book/138721.jpg |
| Tags: |
Aggiungi Tag
Nessun Tag, puoi essere il primo ad aggiungerne! !
|
| LEADER | 01772nam0a2200265 i 4500 | ||
|---|---|---|---|
| 001 | 138721 | ||
| 003 | RuSpLAN | ||
| 005 | 20221220174047.0 | ||
| 008 | 221220s2019 ru gs 000 0 rus | ||
| 020 | |a 978-5-6043744-7-4 | ||
| 040 | |a RuSpLAN | ||
| 041 | 0 | |a rus | |
| 044 | |a ru | ||
| 084 | |a 88.6я73 |2 rubbk | ||
| 245 | 0 | 0 | |a Педагогическая психология |b хрестоматия для студентов педагогических направлений подготовки |
| 260 | |a Тула |b ТГПУ |c 2019 | ||
| 300 | |a 243 с. | ||
| 504 | |a Библиогр.: доступна в карточке книги, на сайте ЭБС Лань | ||
| 520 | 8 | |a В хрестоматии представлены тексты работ классиков отечественной и зарубежной психологии, которые окажут помощь студентам в освоении изучаемого ими курса и выработки собственной точки зрения. Предлагаемое учебное издание предназначено для самостоятельной работы студентов педагогических направлений подготовки и преподавателям дисциплины «Психология» | |
| 521 | 8 | |a Книга из коллекции ТГПУ - Психология. Педагогика | |
| 653 | 0 | |a Педагогическая психология | |
| 653 | 0 | |a классики отечественной и зарубежной психологии | |
| 856 | 4 | |u https://e.lanbook.com/book/138721 | |
| 856 | 4 | 8 | |u https://e.lanbook.com/img/cover/book/138721.jpg |
| 953 | |a https://e.lanbook.com/img/cover/book/138721.jpg | ||